000 00464nam a22001697a 4500
005 20180611170944.0
008 160531b xxu||||| |||| 00| 0 eng d
020 _a81-259-1087-5
041 _aeng
082 _b6395
_a651.3
100 _aMadan, Khorshed D P & Mc dowell, Homai
_94334
245 _aOffice Administration and Management
260 _aNew Delhi
_bVikas Publishing House (P) Ltd.
_c2005
300 _a285
650 _aManagement
_9241
942 _cBK
999 _c2248
_d2247